[Event "LSS No Engine Cup 84 Preliminary 2"]
[Site "LSS email"]
[Date "2013.03.16"]
[Round "?"]
[White "Lacunza, Mario"]
[Black "Paletta, Horacio"]
[Result "1-0"]
[WhiteElo "1874"]
[BlackElo "1499"]
[PlyCount "45"]
[EventDate "2013.03.17"]
[EventType "tourn (corr)"]
[EventRounds "6"]
[EventCountry "GER"]
[SourceTitle "Telechess CBM 161"]
[Source "ChessBase"]
[SourceDate "2014.07.16"]
[SourceVersion "1"]
[SourceVersionDate "2014.07.16"]
[SourceQuality "1"]

1. e4 e6 2. d4 d5 3. e5 c5 4. c3 Nc6 5. Nf3 Qb6 6. Bd3 Bd7 7. dxc5 Bxc5 8. 0-0 Qc7 9. b4 Bb6 10. Qe2 Nge7 11. Na3 a6 12. b5 Nb8 13. Rb1 Bc5 14. Rd1 Bxa3 15. Bxa3 axb5 16. Bd6 Qa5 17. Ng5 h6 18. Nxf7 Kxf7 19. Qh5+ Kg8 20. Bxe7 Nc6 21. Rxb5 Qa7 22. Bd6 Nd8 23. Bg6 1-0

[Event "LSS No Engine Cup 84 Preliminary 2"]
[Site "LSS email"]
[Date "2013.03.16"]
[Round "?"]
[White "Paletta, Horacio"]
[Black "Pauk, Jozef"]
[Result "0-1"]
[WhiteElo "1499"]
[BlackElo "880"]
[PlyCount "46"]
[EventDate "2013.03.17"]
[EventType "tourn (corr)"]
[EventRounds "6"]
[EventCountry "GER"]
[SourceTitle "Telechess CBM 161"]
[Source "ChessBase"]
[SourceDate "2014.07.16"]
[SourceVersion "1"]
[SourceVersionDate "2014.07.16"]
[SourceQuality "1"]

1. e4 e5 2. f4 d6 3. Nf3 Bg4 4. Bc4 exf4 5. 0-0 Nd7 6. d4 g5 7. Nc3 c6 8. Qe1 Bxf3 9. Rxf3 Bg7 10. Ne2 Qb6 11. c3 c5 12. g3 cxd4 13. gxf4 dxc3+ 14. Be3 cxb2 15. Rb1 Qc6 16. Bd5 Qb5 17. fxg5 Ne5 18. Rf1 Ne7 19. Nd4 Qd7 20. Nf5 Nxf5 21. Rxf5 0-0 22. Qe2 Ng6 23. Qf2 Rac8 0-1

[Event "LSS No Engine Cup 84 Preliminary 2"]
[Site "LSS email"]
[Date "2013.03.16"]
[Round "?"]
[White "Youngs, Russell"]
[Black "Paletta, Horacio"]
[Result "1-0"]
[WhiteElo "896"]
[BlackElo "1499"]
[PlyCount "29"]
[EventDate "2013.03.17"]
[EventType "tourn (corr)"]
[EventRounds "6"]
[EventCountry "GER"]
[SourceTitle "Corr 2015"]
[Source "ChessBase"]
[SourceDate "2015.07.17"]
[SourceVersion "1"]
[SourceVersionDate "2015.07.17"]
[SourceQuality "1"]

1. e4 e6 2. d4 d5 3. Nc3 Nf6 4. e5 Nfd7 5. Bd2 c5 6. Nce2 Nc6 7. c3 Qb6 8. Qc2 cxd4 9. Nxd4 Nxd4 10. cxd4 Qxd4 11. f4 Bb4 12. 0-0-0 Bxd2+ 13. Qxd2 Qxd2+ 14. Rxd2 Nb6 15. Nf3 1-0

[Event "LSS WC-2009-F-00011"]
[Site "LSS email"]
[Date "2009.11.03"]
[Round "?"]
[White "Paletta, Horacio"]
[Black "Maggiora, Aldo"]
[Result "1/2-1/2"]
[WhiteElo "1647"]
[BlackElo "1466"]
[PlyCount "40"]
[EventDate "2009.11.08"]
[EventType "tourn (corr)"]
[EventRounds "10"]
[EventCountry "GER"]
[SourceTitle "Corr 2013"]
[Source "ChessBase"]
[SourceDate "2012.11.12"]
[SourceVersion "1"]
[SourceVersionDate "2012.11.12"]
[SourceQuality "1"]
[WhiteTeam "US of America"]
[BlackTeam "US of America"]
[WhiteTeamCountry "USA"]
[BlackTeamCountry "USA"]

1. e4 e6 2. d4 d5 3. Nc3 Bb4 4. Nge2 dxe4 5. a3 Bxc3+ 6. Nxc3 Nf6 7. Bg5 h6 8. Bxf6 Qxf6 9. Nxe4 Qf4 10. Bd3 0-0 11. 0-0 Nd7 12. g3 Qf5 13. Qe2 Nf6 14. Nxf6+ Qxf6 15. Qe4 g6 16. f4 c5 17. dxc5 Qxb2 18. Rfb1 Qg7 19. Ba6 Qc3 20. Bc4 Rd8 1/2-1/2

[Event "LSS WC-2009-F-00011"]
[Site "LSS email"]
[Date "2009.11.03"]
[Round "?"]
[White "Schalkwijk, Peter H"]
[Black "Paletta, Horacio"]
[Result "1/2-1/2"]
[WhiteElo "1524"]
[BlackElo "1657"]
[PlyCount "27"]
[EventDate "2009.11.08"]
[EventType "tourn (corr)"]
[EventRounds "10"]
[EventCountry "GER"]
[SourceTitle "Corr 2013"]
[Source "ChessBase"]
[SourceDate "2012.11.12"]
[SourceVersion "1"]
[SourceVersionDate "2012.11.12"]
[SourceQuality "1"]
[WhiteTeam "US of America"]
[BlackTeam "US of America"]
[WhiteTeamCountry "USA"]
[BlackTeamCountry "USA"]

1. e4 e6 2. d4 d5 3. Nc3 Nf6 4. Bg5 Bb4 5. e5 h6 6. Bd2 Bxc3 7. Bxc3 Ne4 8. Bd3 Nxc3 9. bxc3 c5 10. Nf3 Nc6 11. 0-0 Qa5 12. Qe1 Bd7 13. Rb1 c4 14. Be2 1/2-1/2

[Event "IECG CP.2006.P.00015 email"]
[Site "IECG email"]
[Date "2006.10.01"]
[Round "?"]
[White "Paletta, Horacio"]
[Black "Micu, Sorin"]
[Result "0-1"]
[WhiteElo "1666"]
[BlackElo "1153"]
[PlyCount "42"]
[EventDate "2006.10.01"]
[EventType "tourn (corr)"]
[EventRounds "6"]
[SourceTitle "Corr 2011"]
[Source "ChessBase"]
[SourceDate "2010.08.31"]
[SourceVersion "1"]
[SourceVersionDate "2010.08.31"]
[SourceQuality "1"]

1. e4 c6 2. b3 d5 3. Bb2 dxe4 4. Nc3 Nf6 5. Nge2 Bg4 6. h3 Bh5 7. g4 Bg6 8. Bg2 e6 9. Ng3 e3 10. dxe3 Qxd1+ 11. Kxd1 Na6 12. Kc1 0-0-0 13. Nce4 Nxe4 14. Bxe4 Nc5 15. Bg2 f6 16. Ne2 e5 17. Nc3 h5 18. a4 hxg4 19. hxg4 Rxh1+ 20. Bxh1 Be7 21. b4 Ne6 0-1

[Event "CFriend CP-2005-P-00051"]
[Site "Chessfriend.com"]
[Date "2005.10.01"]
[Round "1"]
[White "Cummings, Nicolas V"]
[Black "Paletta, Horacio"]
[Result "0-1"]
[WhiteElo "2257"]
[BlackElo "1644"]
[PlyCount "38"]
[EventDate "2005.??.??"]
[EventType "tourn (corr)"]
[EventRounds "4"]
[SourceTitle "Corr 2008"]
[Source "ChessBase"]
[SourceDate "2008.06.24"]
[SourceVersion "1"]
[SourceVersionDate "2008.06.24"]
[SourceQuality "1"]

1. b3 Nf6 2. Bb2 d6 3. e3 e5 4. d4 e4 5. d5 Be7 6. c4 0-0 7. Nc3 Bf5 8. Nge2 Nbd7 9. Ng3 Bg6 10. Qd4 Nc5 11. b4 Nd3+ 12. Bxd3 exd3 13. e4 Re8 14. Qxd3 c5 15. bxc5 Rc8 16. f4 Rxc5 17. f5 Bh5 18. Rb1 Qc8 19. 0-0 Rxc4 0-1

[Event "CFriend CP-2005-P-00051"]
[Site "Chessfriend.com"]
[Date "2005.10.01"]
[Round "1"]
[White "Paletta, Horacio"]
[Black "Van Tricht, Marcel"]
[Result "0-1"]
[WhiteElo "1644"]
[BlackElo "2247"]
[PlyCount "48"]
[EventDate "2005.??.??"]
[EventType "tourn (corr)"]
[EventRounds "4"]
[SourceTitle "Corr 2008"]
[Source "ChessBase"]
[SourceDate "2008.06.24"]
[SourceVersion "1"]
[SourceVersionDate "2008.06.24"]
[SourceQuality "1"]

1. e4 e5 2. Bc4 Nf6 3. d3 Nc6 4. Nf3 Be7 5. 0-0 0-0 6. Re1 d6 7. a4 Kh8 8. c3 Ne8 9. b4 f5 10. b5 fxe4 11. Rxe4 Na5 12. Ba2 Bf5 13. Re1 a6 14. d4 e4 15. Nfd2 d5 16. Ba3 Bd6 17. Bxd6 Qxd6 18. Nf1 axb5 19. axb5 Bd7 20. Ne3 Nf6 21. Qa4 Nc4 22. Nxc4 dxc4 23. Qb4 Qf4 24. g3 Qh6 0-1

[Event "CFriend CP-2005-P-00051"]
[Site "Chessfriend.com"]
[Date "2005.10.01"]
[Round "1"]
[White "Paletta, Horacio"]
[Black "Verhaeren, Gertjan"]
[Result "1/2-1/2"]
[WhiteElo "1644"]
[BlackElo "1462"]
[PlyCount "70"]
[EventDate "2005.??.??"]
[EventType "tourn (corr)"]
[EventRounds "4"]
[SourceTitle "Corr 2008"]
[Source "ChessBase"]
[SourceDate "2008.06.24"]
[SourceVersion "1"]
[SourceVersionDate "2008.06.24"]
[SourceQuality "1"]

1. e4 c5 2. Nf3 d6 3. d4 cxd4 4. Nxd4 Nf6 5. Nc3 g6 6. Be3 Bg7 7. Be2 0-0 8. 0-0 Nc6 9. Qd2 d5 10. Nxc6 bxc6 11. Rad1 Qc7 12. exd5 Nxd5 13. Nxd5 cxd5 14. Qxd5 Be6 15. Qc5 Qxc5 16. Bxc5 Bxb2 17. a4 Bf6 18. Ba6 Rab8 19. Rfe1 Rb2 20. Bd3 Rc8 21. Bxa7 Ra2 22. h3 Rxa4 23. Be3 h5 24. Rb1 Bc4 25. Rb7 Bxd3 26. cxd3 Ra3 27. d4 Rd3 28. Rd7 Rc4 29. Rb1 Kg7 30. g4 hxg4 31. hxg4 Bxd4 32. Bxd4+ Rcxd4 33. Rxe7 Rxg4+ 34. Kf1 Rf4 35. Rb2 Rd1+ 1/2-1/2

[Event "CFriend RI-2005-0-00040 email"]
[Site "Chessfriend.com"]
[Date "2005.09.06"]
[Round "1"]
[White "Paletta, Horacio"]
[Black "Plochan, Frank"]
[Result "1/2-1/2"]
[WhiteElo "1644"]
[BlackElo "1791"]
[PlyCount "89"]
[EventDate "2005.09.06"]
[EventType "tourn (corr)"]
[EventRounds "6"]
[SourceTitle "Corr 2008"]
[Source "ChessBase"]
[SourceDate "2008.06.24"]
[SourceVersion "1"]
[SourceVersionDate "2008.06.24"]
[SourceQuality "1"]

1. e4 e6 2. d4 d5 3. Nc3 Bb4 4. Nge2 Nc6 5. e5 f6 6. f4 fxe5 7. fxe5 Qh4+ 8. g3 Qe4 9. Rg1 Nge7 10. Bg2 Qg4 11. Be3 Nf5 12. Bf2 0-0 13. Nf4 Qxd1+ 14. Rxd1 Bd7 15. Rf1 Ba5 16. a3 Rae8 17. b4 Bb6 18. Nce2 a5 19. c3 Na7 20. Kd2 Nh6 21. Bg1 Nf7 22. Ra1 Re7 23. h4 Ra8 24. Bh3 Nc8 25. Nd3 c6 26. Nef4 Nh6 27. g4 Re8 28. Be3 Rf8 29. Nc5 Bxc5 30. bxc5 b5 31. a4 Ne7 32. Ra2 Ra7 33. Rfa1 Rfa8 34. Kc2 Bc8 35. Bd2 Kf8 36. Nh5 Nf7 37. Ng3 bxa4 38. Rxa4 Ba6 39. g5 Nd8 40. c4 Bxc4 41. Rxa5 Rxa5 42. Rxa5 Rxa5 43. Bxa5 Nb7 44. Be1 Kf7 45. h5 1/2-1/2

[Event "CFriend RI-2005-0-00035 email"]
[Site "Chessfriend.com"]
[Date "2005.06.15"]
[Round "1"]
[White "Paletta, Horacio"]
[Black "Mitrovic, Sinisa"]
[Result "0-1"]
[WhiteElo "1644"]
[BlackElo "1661"]
[PlyCount "58"]
[EventDate "2005.??.??"]
[EventType "tourn (corr)"]
[EventRounds "6"]
[SourceTitle "Corr 2008"]
[Source "ChessBase"]
[SourceDate "2008.06.24"]
[SourceVersion "1"]
[SourceVersionDate "2008.06.24"]
[SourceQuality "1"]

1. e4 e5 2. Nf3 Nf6 3. Nc3 Nc6 4. Bb5 Nd4 5. Ba4 Bc5 6. 0-0 0-0 7. Nxe5 d6 8. Nd3 Bg4 9. Qe1 Bb6 10. Nf4 Nh5 11. Nxh5 Bxh5 12. d3 c6 13. Be3 Nf3+ 14. gxf3 Qh4 15. Kg2 f5 16. Bb3+ d5 17. Rg1 fxe4 18. Kf1 Bxf3 19. Qd2 Qh3+ 20. Ke1 Qxh2 21. Rf1 exd3 22. cxd3 Bxe3 23. Qxe3 Rae8 24. Ne4 Kh8 25. Kd2 dxe4 26. Rae1 Rd8 27. Bc2 Qd6 28. Rg1 exd3 29. Bxd3 Bh5 0-1

[Event "CFriend RI-2005-0-00035 email"]
[Site "Chessfriend.com"]
[Date "2005.06.15"]
[Round "1"]
[White "Paletta, Horacio"]
[Black "Sensabaugh, Gene"]
[Result "1-0"]
[WhiteElo "1644"]
[BlackElo "1530"]
[PlyCount "45"]
[EventDate "2005.??.??"]
[EventType "tourn (corr)"]
[EventRounds "6"]
[SourceTitle "Corr 2008"]
[Source "ChessBase"]
[SourceDate "2008.06.24"]
[SourceVersion "1"]
[SourceVersionDate "2008.06.24"]
[SourceQuality "1"]

1. e4 e5 2. Nf3 Nc6 3. Bc4 Bc5 4. c3 Nf6 5. b4 Bb6 6. d3 d6 7. 0-0 0-0 8. Nbd2 Ne7 9. Bb3 Ng6 10. Nc4 Bg4 11. Nxb6 axb6 12. h3 Be6 13. Bxe6 fxe6 14. Qb3 Qe7 15. Re1 Nd7 16. Bg5 Qf7 17. Be3 Nf4 18. Ng5 Qf6 19. Bxf4 Qxf4 20. Qxe6+ Kh8 21. Qxd7 Qxg5 22. Qxc7 Rf3 23. Kf1 1-0

[Event "IECG CC.2005.0.00111 email"]
[Site "IECG email"]
[Date "2005.02.27"]
[Round "?"]
[White "Foote, Ian"]
[Black "Paletta, Horacio"]
[Result "1/2-1/2"]
[WhiteElo "1697"]
[BlackElo "1622"]
[PlyCount "85"]
[EventDate "2005.02.27"]
[EventType "tourn (corr)"]
[EventRounds "6"]
[SourceTitle "Corr 2008"]
[Source "ChessBase"]
[SourceDate "2008.06.24"]
[SourceVersion "1"]
[SourceVersionDate "2008.06.24"]
[SourceQuality "1"]

1. d4 Nf6 2. Bg5 Ne4 3. Bf4 c5 4. f3 Qa5+ 5. c3 Nf6 6. d5 d6 7. e4 g6 8. Qd2 Nbd7 9. Nh3 a6 10. Nf2 b5 11. b4 Qb6 12. a4 bxa4 13. Rxa4 Bg7 14. Na3 cxb4 15. cxb4 0-0 16. Nc4 Qc7 17. Ra2 Bb7 18. Be2 Nb6 19. Nxb6 Qxb6 20. 0-0 Rfc8 21. Be3 Qd8 22. Rb1 Nd7 23. f4 Nb6 24. Bg4 Nc4 25. Qd3 Rc7 26. Bd4 h5 27. Bxg7 Kxg7 28. Be2 Rac8 29. b5 axb5 30. Rxb5 Ba8 31. g4 hxg4 32. Qb3 e5 33. dxe6 d5 34. exf7 Nd6 35. Bxg4 Nxb5 36. Bxc8 Qxc8 37. Qxb5 Rxf7 38. Qb1 Bb7 39. Rc2 Qd7 40. Rd2 Rxf4 41. Qb2+ Kh7 42. Rd3 Qg7 43. Qxg7+ 1/2-1/2

[Event "IECG CC.2005.0.00111 email"]
[Site "IECG email"]
[Date "2005.02.27"]
[Round "?"]
[White "Hubers, Han"]
[Black "Paletta, Horacio"]
[Result "0-1"]
[WhiteElo "1600"]
[BlackElo "1622"]
[PlyCount "72"]
[EventDate "2005.02.27"]
[EventType "tourn (corr)"]
[EventRounds "6"]
[SourceTitle "Corr 2008"]
[Source "ChessBase"]
[SourceDate "2008.06.24"]
[SourceVersion "1"]
[SourceVersionDate "2008.06.24"]
[SourceQuality "1"]

1. e4 e6 2. d4 d5 3. exd5 exd5 4. c4 c5 5. dxc5 Bxc5 6. cxd5 Ne7 7. Nc3 0-0 8. Bc4 Nd7 9. Nge2 Nb6 10. Qb3 Bg4 11. Be3 Bxe3 12. fxe3 Rc8 13. Bd3 Nbxd5 14. Rd1 Qa5 15. Kf2 Nxc3 16. bxc3 b6 17. Qb4 Qg5 18. Qf4 Qh4+ 19. g3 Qh5 20. Rc1 Nd5 21. Qd4 Rfd8 22. h3 Bxe2 23. Bxe2 Qf5+ 24. Bf3 Nxc3 25. Rxc3 Rxd4 26. Rxc8+ Qxc8 27. exd4 Qc2+ 28. Be2 Qxa2 29. Rd1 Kf8 30. d5 Ke7 31. d6+ Kd7 32. Kf1 Qc2 33. Bb5+ Kd8 34. Be2 a5 35. Rd4 a4 36. Rf4 a3 0-1

[Event "IECG CP.2003.P.00019 email"]
[Site "IECG email"]
[Date "2003.10.01"]
[Round "?"]
[White "Ong, Allan C"]
[Black "Paletta, Horacio"]
[Result "1-0"]
[WhiteElo "897"]
[BlackElo "1636"]
[PlyCount "37"]
[EventDate "2003.10.01"]
[EventType "tourn (corr)"]
[EventRounds "6"]
[EventCountry "USA"]
[SourceTitle "Corr 2008"]
[Source "ChessBase"]
[SourceDate "2008.06.24"]
[SourceVersion "1"]
[SourceVersionDate "2008.06.24"]
[SourceQuality "1"]

1. d4 Nf6 2. Nc3 g6 3. e4 d6 4. f4 Bg7 5. Nf3 0-0 6. Be3 Nbd7 7. Qd2 c5 8. d5 Ng4 9. 0-0-0 Qa5 10. h4 Bxc3 11. Qxc3 Qxc3 12. bxc3 Nxe3 13. Re1 Nxf1 14. Rexf1 Nb6 15. Ng5 h6 16. Nf3 Bg4 17. Nh2 Bd7 18. g4 f5 19. gxf5 1-0

[Event "IECG CP.2003.P.00019 email"]
[Site "IECG email"]
[Date "2003.10.01"]
[Round "?"]
[White "Paletta, Horacio"]
[Black "Blittkowsky, Ralf"]
[Result "0-1"]
[WhiteElo "1636"]
[BlackElo "1969"]
[PlyCount "30"]
[EventDate "2003.10.01"]
[EventType "tourn (corr)"]
[EventRounds "6"]
[EventCountry "USA"]
[SourceTitle "Corr 2008"]
[Source "ChessBase"]
[SourceDate "2008.06.24"]
[SourceVersion "1"]
[SourceVersionDate "2008.06.24"]
[SourceQuality "1"]

1. e4 e5 2. Nf3 Nc6 3. Bc4 Bc5 4. c3 Nf6 5. b4 Bb6 6. d3 d6 7. 0-0 0-0 8. h3 Ne7 9. Bb3 a5 10. b5 c6 11. c4 Bd7 12. a4 Ng6 13. Nc3 Qe7 14. Bg5 Bc5 15. Nd5 cxd5 0-1

[Event "Liape Magistral 02-A email"]
[Site "Liape email"]
[Date "2002.08.09"]
[Round "5"]
[White "Muniz, David B"]
[Black "Paletta, Horacio"]
[Result "0-1"]
[WhiteElo "1600"]
[BlackElo "1683"]
[PlyCount "48"]
[EventDate "2002.08.05"]
[EventType "tourn (corr)"]
[EventRounds "8"]
[EventCountry "ARG"]
[SourceTitle "Corr 2006"]
[Source "ChessBase"]
[SourceDate "2006.04.01"]
[SourceVersion "3"]
[SourceVersionDate "2006.04.01"]
[SourceQuality "1"]

1. e4 d5 2. exd5 Qxd5 3. Nf3 Qa5 4. Nc3 Nf6 5. Bc4 c6 6. 0-0 Bg4 7. d4 Bxf3 8. Qxf3 e6 9. Re1 Be7 10. Re5 Qb4 11. b3 Nbd7 12. Re1 Nb6 13. a3 Qd6 14. Bd3 Qxd4 15. Bb2 Qg4 16. Qe3 Nbd5 17. Nxd5 Nxd5 18. Qd2 Nf4 19. Be4 Rd8 20. Qe3 0-0 21. Bf3 Qg5 22. Qxa7 Rd2 23. Be5 Nh3+ 24. Kf1 Rxf2+ 0-1